| 000 | 00487nam a22001577a 4500 | ||
|---|---|---|---|
| 003 | OSt | ||
| 005 | 20150905120556.0 | ||
| 008 | 150905b xxu||||| |||| 00| 0 eng d | ||
| 040 | _cRUA | ||
| 082 | _aAGR ខាន់ 1991 B002 Or.1 | ||
| 100 |
_925 _aខាន់ កញ្ញា |
||
| 245 | _aសិក្សាអំពីការអភិវឌ្ឍន៍សហគមន៍នៅឧដុង្គ | ||
| 260 |
_aPhnom Penh _bRUA _c1991 |
||
| 300 |
_a135p. _bill. _c29cm. |
||
| 942 |
_2ddc _cAGR |
||
| 999 |
_c24 _d24 |
||